Statystyki dla Skoki Narciarskie-Narodowości

Kliknij tutaj aby rozwiązać quiz!

Ogólne statystyki

  • Ten quiz został rozwiązany 2 358 razy
  • Średni wynik to 18 z 22

Statystyki odpowiedzi

Odpowiedź% Poprawnych
Polska
100%
Niemcy
98%
Norwegia
96%
Austria
95%
Japonia
93%
Słowenia
92%
Finlandia
91%
Rosja
90%
Stany Zjednoczone
86%
Czechy
85%
Włochy
84%
Francja
83%
Ukraina
82%
Szwajcaria
81%
Kanada
78%
Chiny
74%
Kazachstan
73%
Turcja
70%
Bułgaria
68%
Estonia
67%
Rumunia
66%
Korea Południowa
62%

Rozkład punktacji

Percentyl według liczby udzielonych odpowiedzi

Procent ludzi z każdym wynikiem

Twoja historia wyników

Nie rozwiązałeś tego quizu